UM Logo

Global communication/ (Record no. 3558)

MARC details
000 -LEADER
fixed length control field 00536nam a22001697a 4500
008 - FIXED-LENGTH DATA ELEMENTS--GENERAL INFORMATION
fixed length control field 160725b xxu||||| |||| 00| 0 eng d
020 ## - INTERNATIONAL STANDARD BOOK NUMBER
International Standard Book Number 0-495-05027-X
082 ## - DEWEY DECIMAL CLASSIFICATION NUMBER
Classification number DC 302.2 G51 2007
100 ## - MAIN ENTRY--PERSONAL NAME
9 (RLIN) 11843
Personal name Kamalipour, Yahya R.
Relator term editor.
245 ## - TITLE STATEMENT
Title Global communication/
Statement of responsibility, etc. edited by Yahya R. Kamalipour.
250 ## - EDITION STATEMENT
Edition statement Second edition.
260 ## - PUBLICATION, DISTRIBUTION, ETC. (IMPRINT)
Place of publication, distribution, etc. Australia:
Name of publisher, distributor, etc. Thomson,
Date of publication, distribution, etc. c2007.
300 ## - PHYSICAL DESCRIPTION
Extent xxiv, 356 pages;
Dimensions 24 cm.
500 ## - GENERAL NOTE
General note Includes bibliographical references and index.
650 #0 - SUBJECT ADDED ENTRY--TOPICAL TERM
9 (RLIN) 11846
Topical term or geographic name as entry element Communication.
942 ## - ADDED ENTRY ELEMENTS (KOHA)
Source of classification or shelving scheme Dewey Decimal Classification
Koha item type Circulation
Holdings
Withdrawn status Lost status Source of classification or shelving scheme Damaged status Not for loan Collection code Home library Current library Date acquired Source of acquisition Cost, normal purchase price Total Checkouts Full call number Barcode Date last seen Price effective from Koha item type
    Dewey Decimal Classification     Circulation UM Digos College - LIC UM Digos College - LIC 09/24/2010 Purchased 8070.25   DC 302.2 G51 2007 21196 05/15/2025 07/25/2016 Circulation